000 00785nam a22002295i 4500
001 172355
003 ES-MaACL
005 20250818054522.0
008 090626s1969 sp |||| | spa d
080 _a82.09
100 1 _aFernández de la Reguera, Ricardo,
_d1916-2000
_949675
245 1 0 _aDon Juan y Casanova /
_cRicardo Fernández de la Reguera.
250 _a1ª ed.
260 _aSantander :
_bLa Isla de los Ratones,
_c1969.
300 _a41 p. ;
_c17 cm.
490 1 _aLa Isla de los Ratones.
_aNarración y ensayo ;
_v13
_9189362
650 1 7 _aDon Juan (Personaje de ficción)
_2embne
_911966
830 0 _aLa Isla de los Ratones.
_aNarración y ensayo ;
_v13
_9189362
852 _aES-MaACL
_j2252-F-12
_9R.145084
942 _2udc
999 _c172355
_d172355